Normal view MARC view
  • EDUCACION -

Entry Materia

Number of records used in: 25

001 - NÚMERO DE CONTROL DEL REGISTRO

  • campo de control: 17542

003 - IDENTIFICADOR DE NUMERO DE CONTROL

  • campo de control: UPN

005 - FECHA Y HORA DE LA ÚLTIMA TRANSACCIÓN

  • campo de control: 20210219193858.0

008 - DATOS DE LONGITUD FIJA

  • campo de control de longitud fija: nabaccnnaabn|||||||||| b |nc|||||d

035 ## - NÚMERO DE CONTROL DEL SISTEMA

  • Número de control del sistema: UPN10000017550

040 ## - FUENTE DE LA CATALOGACIÓN

  • Lengua de catalogación: SPA
  • Agencia de transcripción: UPN

053 #4 - NÚMERO CLASIFICADOR - BIBLIOTECA DEL CONGRESO (LC)

  • Elemento numérico de la clasificación - Número único o no. inicial del rango: LB1131

150 ## - ENCABEZAMIENTO - TEMÁTICO

  • Término de materia o nombre geográfico como elemento inicial: EDUCACION -
  • Subdivisión de materia general: VALORACION

450 ## - VÉASE - MATERIA

  • Encabezamiento temático: Escuelas -
  • Subdivisión temática general: Valoración

450 ## - VÉASE - MATERIA

  • Encabezamiento temático: Valoración educativa

450 ## - VÉASE - MATERIA

  • Encabezamiento temático: Valoración de la escuela

670 ## - FUENTE EN LA QUE SE LOCALIZARON DATOS

  • Cita de la fuente: E

680 ## - NOTA GENERAL CON DESPLIEGUE PÚBLICO

  • Texto explicativo: Aquí se asientan las obras que tratan de la técnica de efectuar las investigaciones escolares, de valorar la eficiencia escolar, etc. Las valoraciones específicas se asientan bajo el nombre de la escuela o del asunto valorado

902 ## - CATALOGADOR

  • Catalogador: MCM/110996